| 000 | 00984nam a2200229Ii 4500 | ||
|---|---|---|---|
| 003 | JO-AjNU | ||
| 008 | 230605s9999||||xx |||||||||||||| ||und|| | ||
| 017 | _a2008/7/2561 | ||
| 020 | _a9957-16-460-7 | ||
| 040 |
_aJO-AjNU _bara _erda _cJO-AjNU |
||
| 041 | _aara | ||
| 050 | 1 | 4 | _aKMM87.6.O59.A282.2009 |
| 100 | 3 |
_a العبودي ، عباس , _eauthor _912442 |
|
| 245 | 0 | 0 | _aشرح أحكام العقود المسماة في القانون المدني : البيع والايجار " دراسة مقارنة معززة بالتطبيقات القضائية " |
| 250 | _aط1 | ||
| 264 | 3 | 1 | _aعمان : دار الثقافة ، 2009 |
| 300 |
_a368ص _bيشتمل على مراجع ص ( 363 - 368 ) |
||
| 336 |
_atext _btxt _2rdacontent |
||
| 337 |
_aunmediated _bn _2rdamedia |
||
| 338 |
_avolume _bnc _2rdacarrier |
||
| 650 | 4 |
_aالعقود -- عقود الايجار -- أصول المحاكم -- التعاقد -- الإلتزامات -- القانون المدني _912443 |
|
| 999 |
_aA2838 _c6406 _d6406 |
||